Optimal transport : old and new
Αποθηκεύτηκε σε:
| Κύριος συγγραφέας: | |
|---|---|
| Μορφή: | Βιβλίο |
| Γλώσσα: | English |
| Δημοσίευση: |
Berlin :
Springer,
c2009
|
| Σειρά: | Grundlehren der mathematischen wissenschaften ;
; 338 |
| Θέματα: | |
| Ετικέτες: |
Προσθήκη ετικέτας
Δεν υπάρχουν, Καταχωρήστε ετικέτα πρώτοι!
|
MARC
| LEADER | 00000nam a2200000 i 4500 | ||
|---|---|---|---|
| 001 | 1/45212 | ||
| 008 | 140402s2009 eng d | ||
| 020 | |a 978-3-540-71049-3 | ||
| 035 | |l 10117264 | ||
| 040 | |a GR-MY-UA |b gre |e aacr | ||
| 041 | 0 | |a eng | |
| 082 | 0 | |a 519.6 |2 (23) | |
| 100 | 1 | |a Villani, Cedric |d 1973- | |
| 245 | 1 | 0 | |a Optimal transport : |b old and new / |c Cedric Villani |
| 260 | |a Berlin : |b Springer, |c c2009 | ||
| 300 | |a xxii, 973 σ.; |b εικ.; |c 24 εκ. | ||
| 490 | 1 | |a Grundlehren der mathematischen Wissenschaften |v ; 338 | |
| 504 | |a Βιβλιογραφία: σ.915-956. Ευρετήριο | ||
| 650 | 0 | 0 | |a Mathematical optimization. |
| 650 | 0 | 0 | |a Transportation problems (Programming) |
| 650 | 0 | 0 | |a Probabilities. |
| 650 | 0 | 0 | |a Dynamics. |
| 650 | 0 | 0 | |a Geometry, Differential. |
| 830 | 0 | |a Grundlehren der mathematischen wissenschaften ; |v ; 338 | |
| 852 | |a INST |b SAMOS |e 20140402 |h 519.6 VIL |p 005300036572 |q 005300036572 |t BK |y 0 | ||
| 901 | |a BIBL3-2014-1 | ||
| 909 | |a Σ |b 184754 | ||
| 922 | |a 3ΕΛΗ |b 201311 |c ΤΜΗΜΑ ΜΑΘΗΜΑΤΙΚΩΝ/ΜΕΤΑΠΤΥΧΙΑΚΟ |d ΔΙΑΔΡΟΜΕΣ/ΔΡΕΣ | ||
| 970 | |a ΚΟΣΙΕΡΗΣ |b ΧΡΗΣΤΟΣ |z 2014/04/02 | ||